[Event "NOR-ch"]
[Site "Bergen"]
[Date "2025.07.10"]
[Round "7"]
[White "Agdestein, Simen"]
[Black "Kvaloy, Aksel Bu"]
[Result "0-1"]
[WhiteElo "2565"]
[BlackElo "2477"]
[PlyCount "70"]
[EventDate "2025.07.04"]
[EventType "swiss"]
[EventRounds "9"]
[EventCountry "NOR"]
[SourceTitle "CB29_2025"]
[SourceDate "2025.07.16"]
[SourceVersion "1"]
[SourceVersionDate "2025.07.16"]
[SourceQuality "1"]

1. d4 Nf6 2. c4 e6 3. Nf3 d5 4. Nc3 Nbd7 5. cxd5 exd5 6. Bg5 h6 7. Bf4 c6 8. Qc2 Nh5 9. Bd2 Nhf6 10. 0-0-0 Bd6 11. e3 0-0 12. Bd3 Re8 13. h3 b5 14. e4 dxe4 15. Nxe4 Nxe4 16. Bxe4 Nf6 17. Bxc6 Be6 18. d5 Bxd5 19. Bxd5 Nxd5 20. Kb1 Qf6 21. Bg5 hxg5 22. Rxd5 Rac8 23. Qd3 Bf4 24. g3 Be5 25. h4 gxh4 26. Rxh4 g6 27. Rb4 Bxb2 28. Rxb2 Rc3 29. Qxb5 Rec8 30. Rd1 Qxf3 31. Qf1 a5 32. Qh1 Qf5+ 33. Ka1 a4 34. Rbd2 Qf6 35. Rd4 Rc1+ 0-1

[Event "NOR-ch"]
[Site "Bergen"]
[Date "2025.07.04"]
[Round "1"]
[White "Melaa, Sondre Lillestol"]
[Black "Kvaloy, Aksel Bu"]
[Result "1/2-1/2"]
[WhiteElo "2328"]
[BlackElo "2477"]
[PlyCount "69"]
[EventDate "2025.07.04"]
[EventType "swiss"]
[EventRounds "9"]
[EventCountry "NOR"]
[SourceTitle "CB29_2025"]
[SourceDate "2025.07.16"]
[SourceVersion "1"]
[SourceVersionDate "2025.07.16"]
[SourceQuality "1"]

1. Nf3 d5 2. g3 Nf6 3. Bg2 c6 4. c4 Bg4 5. Ne5 Bf5 6. cxd5 cxd5 7. Nc3 Nc6 8. Qa4 Bd7 9. Nxd7 Qxd7 10. b4 e6 11. b5 Ne5 12. Qd4 Bd6 13. e4 dxe4 14. Nxe4 Nxe4 15. Bxe4 0-0 16. 0-0 Rfd8 17. Rb1 Ng6 18. Bb2 Bf8 19. Qxd7 Rxd7 20. Rfc1 Rad8 21. a4 Ne7 22. Be5 Nd5 23. Rb3 Nf6 24. Bf3 Nd5 25. Bxd5 Rxd5 26. Bf4 Bc5 27. Be3 Bxe3 28. dxe3 Rd1+ 29. Rxd1 Rxd1+ 30. Kg2 Ra1 31. Rc3 g6 32. Rc7 Rxa4 33. Rxb7 Kg7 34. b6 axb6 35. Rxb6 1/2-1/2

[Event "Stockholm Hotel N GM 4th"]
[Site "Upplands Vasby"]
[Date "2025.06.12"]
[Round "8"]
[White "Domalchuk Jonasson, Aleksandr"]
[Black "Kvaloy, Aksel Bu"]
[Result "1/2-1/2"]
[WhiteElo "2350"]
[BlackElo "2479"]
[PlyCount "44"]
[EventDate "2025.06.09"]
[EventType "tourn"]
[EventRounds "9"]
[EventCountry "SWE"]
[EventCategory "8"]
[SourceTitle "CB26_2025"]
[SourceDate "2025.06.25"]
[SourceVersion "1"]
[SourceVersionDate "2025.06.25"]
[SourceQuality "1"]

1. d4 Nf6 2. c4 e6 3. Nc3 Bb4 4. Qc2 0-0 5. e4 d5 6. e5 Ne4 7. Bd3 c5 8. Nf3 cxd4 9. Nxd4 f5 10. exf6 Nxf6 11. cxd5 exd5 12. Be3 Nc6 13. Nxc6 bxc6 14. 0-0 Bd6 15. h3 Bd7 16. Ne2 Kh8 17. Rac1 Qc7 18. Rfe1 Rae8 19. Nd4 c5 20. Nb5 Bxb5 21. Bxb5 Rb8 22. Bd3 Qa5 1/2-1/2

[Event "Fagernes op"]
[Site "Fagernes"]
[Date "2025.04.16"]
[Round "5"]
[White "Kvaloy, Aksel Bu"]
[Black "Urkedal, Frode Olav Olsen"]
[Result "0-1"]
[WhiteElo "2481"]
[BlackElo "2550"]
[PlyCount "96"]
[EventDate "2025.04.13"]
[EventType "swiss"]
[EventRounds "9"]
[EventCountry "NOR"]
[SourceTitle "CB17_2025"]
[SourceDate "2025.04.23"]
[SourceVersion "1"]
[SourceVersionDate "2025.04.23"]
[SourceQuality "1"]

1. d4 Nf6 2. c4 e6 3. g3 d5 4. Bg2 Bb4+ 5. Nd2 Nc6 6. Ngf3 a5 7. 0-0 a4 8. Qc2 0-0 9. Rd1 Bd7 10. c5 a3 11. bxa3 Bxa3 12. Bxa3 Rxa3 13. Nb1 Ra8 14. Nc3 b6 15. cxb6 cxb6 16. Ne5 Rc8 17. Nxc6 Rxc6 18. Qb2 Qc7 19. Nb5 Rc2 20. Qb3 Qc4 21. Qxc4 Rxc4 22. Na3 Rc3 23. Nb1 Rc2 24. Bf3 Ra8 25. a3 g5 26. Nd2 g4 27. Bg2 b5 28. e4 b4 29. e5 Ne8 30. Nf1 bxa3 31. Ne3 Rb2 32. Nxg4 a2 33. Ne3 Nc7 34. Bf1 Bb5 35. Bxb5 Nxb5 36. Kg2 Nc3 37. Rdc1 Rb1 38. Rxa2 Rxa2 39. Rxc3 h5 40. g4 Rbb2 41. gxh5 Rxf2+ 42. Kg3 Rxh2 43. Rc8+ Kg7 44. Ng4 Rxh5 45. Nf6 Ra3+ 46. Kg4 Rh8 47. Nh5+ Rxh5 48. Kxh5 Rd3 0-1

[Event "Fagernes op"]
[Site "Fagernes"]
[Date "2025.04.16"]
[Round "4"]
[White "Vijayakumar, Rishi"]
[Black "Kvaloy, Aksel Bu"]
[Result "0-1"]
[WhiteElo "2317"]
[BlackElo "2481"]
[PlyCount "110"]
[EventDate "2025.04.13"]
[EventType "swiss"]
[EventRounds "9"]
[EventCountry "NOR"]
[SourceTitle "CB17_2025"]
[SourceDate "2025.04.23"]
[SourceVersion "1"]
[SourceVersionDate "2025.04.23"]
[SourceQuality "1"]

1. d4 Nf6 2. c4 e6 3. Nf3 d5 4. Nc3 Nbd7 5. Bg5 h6 6. Bh4 Be7 7. e3 0-0 8. Qc2 c5 9. cxd5 Nxd5 10. Bxe7 Nxe7 11. Be2 cxd4 12. Nxd4 Nf6 13. 0-0 Bd7 14. Rfd1 Qb6 15. Qb3 Qxb3 16. Nxb3 Rac8 17. e4 e5 18. f3 Be6 19. Na5 Rc7 20. Rd2 a6 21. Rad1 Nc6 22. Nxc6 Rxc6 23. Rd6 Rxd6 24. Rxd6 Rc8 25. Kf2 Kf8 26. Ke3 Ke7 27. Rd2 Nd7 28. Nd5+ Bxd5 29. Rxd5 f6 30. g3 Nb6 31. Rd2 Rc5 32. f4 a5 33. b3 Nc8 34. Bd3 Na7 35. Bc4 b5 36. Rd5 Rxd5 37. Bxd5 Kd6 38. f5 b4 39. Bc4 Kc5 40. Kd3 Nc8 41. Ba6 Nb6 42. h4 a4 43. h5 a3 44. Bb7 Nc4 45. Ba6 Nb2+ 46. Ke3 Nd1+ 47. Kd2 Nc3 48. Kc2 Kd4 49. g4 Nxa2 50. Kb1 Nc3+ 51. Ka1 Nxe4 52. Be2 Kc3 53. Ka2 Ng3 54. Bd1 e4 55. g5 hxg5 0-1

[Event "Fagernes op"]
[Site "Fagernes"]
[Date "2025.04.13"]
[Round "1"]
[White "Kvaloy, Aksel Bu"]
[Black "Andersen, Morten"]
[Result "1-0"]
[WhiteElo "2481"]
[BlackElo "2200"]
[PlyCount "75"]
[EventDate "2025.04.13"]
[EventType "swiss"]
[EventRounds "9"]
[EventCountry "NOR"]
[SourceTitle "CB17_2025"]
[SourceDate "2025.04.23"]
[SourceVersion "1"]
[SourceVersionDate "2025.04.23"]
[SourceQuality "1"]

1. d4 Nf6 2. Nf3 g6 3. Bg5 Bg7 4. Nbd2 0-0 5. c3 h6 6. Bh4 d6 7. e4 Nbd7 8. Bd3 e5 9. 0-0 Qe8 10. Re1 Nh5 11. Bf1 Kh8 12. Nc4 b6 13. dxe5 Nxe5 14. Nfxe5 dxe5 15. Ne3 Nf4 16. Qc2 a5 17. a4 Ba6 18. Bxa6 Rxa6 19. Rad1 Ra8 20. Nd5 Nxd5 21. Rxd5 Qe6 22. Qd3 f5 23. f3 f4 24. Rd7 g5 25. Bf2 Rac8 26. Rd1 Bf6 27. Qd5 Qxd5 28. R1xd5 Kg8 29. Kf1 Rf7 30. Ke2 Kf8 31. c4 c5 32. R7d6 Rb8 33. Be1 Kg7 34. Bc3 Re7 35. Rc6 Kf7 36. Rdd6 Bg7 37. Rxb6 Reb7 38. Rd7+ 1-0

[Event "Titled Tuesday intern op 01st Apr Early"]
[Site "Chess.com INT"]
[Date "2025.04.01"]
[Round "6"]
[White "Kvaloy, Aksel Bu"]
[Black "Salonen, Aku"]
[Result "1/2-1/2"]
[WhiteElo "2489"]
[BlackElo "2233"]
[PlyCount "113"]
[EventDate "2025.04.01"]
[EventType "swiss (blitz)"]
[EventRounds "11"]
[EventCountry "USA"]
[SourceTitle "CB15_2025"]
[SourceDate "2025.04.09"]
[SourceVersion "1"]
[SourceVersionDate "2025.04.09"]
[SourceQuality "1"]

1. e4 c6 2. d4 d5 3. exd5 cxd5 4. Bd3 Nc6 5. c3 Qc7 6. h3 Nf6 7. Nf3 g6 8. 0-0 Bg7 9. Re1 0-0 10. Nbd2 Bf5 11. Bxf5 gxf5 12. Ne5 e6 13. Nd3 Ne4 14. f3 Nxd2 15. Bxd2 b6 16. Bf4 Qe7 17. Qe2 Rac8 18. g4 fxg4 19. hxg4 Rfe8 20. Qe3 f6 21. Bh6 Rcd8 22. Bxg7 Qxg7 23. Nf4 e5 24. Nh5 Qg6 25. Qf2 exd4 26. cxd4 Nb4 27. Nf4 Qf7 28. a3 Nc6 29. Rac1 Rxe1+ 30. Rxe1 Re8 31. Rxe8+ Qxe8 32. Nxd5 Qd8 33. Nf4 Qxd4 34. Qxd4 Nxd4 35. Kf2 Kf7 36. Ke3 Ne6 37. Nd5 Nd8 38. b4 Ke6 39. Ke4 Nc6 40. b5 Ne5 41. Nb4 Nc4 42. Nc6 Nxa3 43. Nxa7 Nc2 44. Nc8 Na3 45. Na7 Nc2 46. Kd3 Nb4+ 47. Kc4 Nd5 48. Nc6 Kd6 49. Kd4 Nc7 50. Kc4 h6 51. Nd4 Ke5 52. Nf5 Kf4 53. Nxh6 Kxf3 54. Ng8 Kxg4 55. Nxf6+ Kf5 56. Nd5 Nxb5 57. Nxb6 1/2-1/2

[Event "Titled Tuesday intern op 01st Apr Early"]
[Site "Chess.com INT"]
[Date "2025.04.01"]
[Round "10"]
[White "Stepanencu, Nicodim Cosmin"]
[Black "Kvaloy, Aksel Bu"]
[Result "0-1"]
[WhiteElo "2297"]
[BlackElo "2489"]
[PlyCount "118"]
[EventDate "2025.04.01"]
[EventType "swiss (blitz)"]
[EventRounds "11"]
[EventCountry "USA"]
[SourceTitle "CB15_2025"]
[SourceDate "2025.04.09"]
[SourceVersion "1"]
[SourceVersionDate "2025.04.09"]
[SourceQuality "1"]

1. b3 e6 2. Bb2 d5 3. Nf3 Nf6 4. e3 b6 5. c4 Bb7 6. Nc3 a6 7. Rc1 Bd6 8. d4 0-0 9. cxd5 exd5 10. Bd3 Nbd7 11. 0-0 Qe7 12. Ne2 Ne4 13. Nf4 g6 14. g3 Bxf4 15. exf4 Qe6 16. Rxc7 Bc6 17. Qc2 Rfc8 18. Rxc8+ Rxc8 19. Rc1 Bb7 20. Qe2 Rxc1+ 21. Bxc1 Qc6 22. Bb2 b5 23. Ne5 Qc7 24. Qc2 Qxc2 25. Bxc2 Nf8 26. f3 Nd6 27. Nd3 Ne6 28. Nc5 Bc8 29. a3 Kf8 30. Kf2 Ke7 31. Bd3 Nc7 32. Bc3 Bf5 33. Be2 Bc2 34. Ke3 Bf5 35. Bb4 Bc8 36. Nd3 Ne6 37. g4 f6 38. Ne5 Bb7 39. h4 Nc7 40. Bd3 Nce8 41. Bc2 Ke6 42. Nd3 Nc7 43. Nc5+ Kf7 44. Nxb7 Nxb7 45. Bd3 Nd8 46. f5 g5 47. hxg5 fxg5 48. Bd6 Ne8 49. Be5 Nc6 50. f4 h6 51. fxg5 hxg5 52. Bg3 Nf6 53. Be5 Nxg4+ 54. Kf3 Ngxe5+ 55. dxe5 Nxe5+ 56. Ke3 Nxd3 57. Kxd3 Kf6 58. Kd4 g4 59. Kxd5 g3 0-1

[Event "Titled Tuesday intern op 25th Mar Early"]
[Site "Chess.com INT"]
[Date "2025.03.25"]
[Round "4"]
[White "Kvaloy, Aksel Bu"]
[Black "Keymer, Vincent"]
[Result "0-1"]
[WhiteElo "2489"]
[BlackElo "2719"]
[PlyCount "78"]
[EventDate "2025.03.25"]
[EventType "swiss (blitz)"]
[EventRounds "11"]
[EventCountry "USA"]
[SourceTitle "CB14_2025"]
[SourceDate "2024.11.01"]
[SourceVersion "1"]
[SourceVersionDate "2024.11.01"]
[SourceQuality "1"]

1. d4 Nf6 2. Nf3 e6 3. Bf4 b6 4. e3 Bb7 5. Nbd2 d6 6. Be2 g6 7. 0-0 Bg7 8. c3 0-0 9. Qc2 Nbd7 10. Rfe1 Qe7 11. Rad1 e5 12. dxe5 dxe5 13. Bg3 h6 14. Nc4 Ne4 15. Bh4 g5 16. Bg3 f5 17. Rxd7 Qxd7 18. Ncxe5 Qe8 19. Bc4+ Kh8 20. Qb3 Nxg3 21. Bf7 Rxf7 22. Nxf7+ Kh7 23. hxg3 Qe7 24. Qe6 Qxe6 25. N7xg5+ hxg5 26. Nxg5+ Kg6 27. Nxe6 Be5 28. Rd1 Kf6 29. Nf4 Bxf4 30. gxf4 Rg8 31. Rd7 Rxg2+ 32. Kf1 Rg7 33. Rd8 Bf3 34. c4 Rh7 35. Rf8+ Ke7 36. Rg8 Rh1+ 37. Rg1 Be2+ 38. Kg2 Rxg1+ 39. Kxg1 Bxc4 0-1

[Event "Titled Tuesday intern op 25th Mar Early"]
[Site "Chess.com INT"]
[Date "2025.03.25"]
[Round "5"]
[White "Pham, Le Thao Nguyen"]
[Black "Kvaloy, Aksel Bu"]
[Result "1-0"]
[WhiteElo "2388"]
[BlackElo "2489"]
[PlyCount "29"]
[EventDate "2025.03.25"]
[EventType "swiss (blitz)"]
[EventRounds "11"]
[EventCountry "USA"]
[SourceTitle "CB14_2025"]
[SourceDate "2024.11.01"]
[SourceVersion "1"]
[SourceVersionDate "2024.11.01"]
[SourceQuality "1"]

1. d4 Nf6 2. c4 e6 3. Nc3 Bb4 4. e3 0-0 5. Bd2 c5 6. a3 Bxc3 7. Bxc3 b6 8. Qf3 d5 9. dxc5 bxc5 10. Bxf6 gxf6 11. cxd5 Qa5+ 12. b4 cxb4 13. Qg4+ Kh8 14. Qxb4 Qxd5 15. Qxf8# 1-0

[Event "Wch U20 62nd"]
[Site "Petrovac"]
[Date "2025.02.26"]
[Round "2"]
[White "Pasti, Aron"]
[Black "Kvaloy, Aksel Bu"]
[Result "0-1"]
[WhiteElo "2366"]
[BlackElo "2487"]
[PlyCount "84"]
[EventDate "2025.02.25"]
[EventType "swiss"]
[EventRounds "11"]
[EventCountry "MNE"]
[SourceTitle "CB11_2025"]
[SourceDate "2025.03.12"]
[SourceVersion "1"]
[SourceVersionDate "2025.03.12"]
[SourceQuality "1"]

1. Nf3 d5 2. e3 Nf6 3. c4 e6 4. b3 b6 5. Bb2 Bb7 6. Nc3 Nbd7 7. Be2 a6 8. Qc2 Bd6 9. cxd5 exd5 10. 0-0 0-0 11. d3 Re8 12. Rad1 Rc8 13. d4 Qe7 14. g3 Ne4 15. Nh4 Qe6 16. Nxe4 dxe4 17. d5 Bxd5 18. Bxa6 Ra8 19. Bb5 Red8 20. Rxd5 Qxd5 21. Bc6 Qd3 22. Qxd3 exd3 23. Bxa8 Rxa8 24. Ra1 Nc5 25. Kf1 g6 26. f3 f5 27. Ke1 Bf8 28. Bd4 Bg7 29. Bxg7 Kxg7 30. b4 Nd7 31. a4 c5 32. Kd2 c4 33. Ng2 b5 34. a5 Ne5 35. Nf4 Nxf3+ 36. Kc3 Ng5 37. Kb2 Ne4 38. Ne6+ Kf7 39. Nc7 c3+ 40. Kb3 Rc8 41. a6 Rxc7 42. a7 Rc8 0-1

[Event "NOR-chT Elite 2425"]
[Site "Norway"]
[Date "2025.02.07"]
[Round "4.21"]
[White "Urkedal, Frode Olav Olsen"]
[Black "Kvaloy, Aksel Bu"]
[Result "1/2-1/2"]
[WhiteElo "2536"]
[BlackElo "2487"]
[PlyCount "96"]
[EventDate "2024.10.25"]
[EventType "team-tourn"]
[EventRounds "9"]
[EventCountry "NOR"]
[SourceTitle "CB16_2025"]
[SourceDate "2025.04.16"]
[SourceVersion "1"]
[SourceVersionDate "2025.04.16"]
[SourceQuality "1"]
[WhiteTeam "Offerspill"]
[BlackTeam "Stavanger"]
[WhiteTeamCountry "NOR"]
[BlackTeamCountry "NOR"]

1. c4 e5 2. g3 Nf6 3. Bg2 c6 4. d4 e4 5. Bg5 d5 6. Bxf6 Qxf6 7. Nc3 Bb4 8. e3 0-0 9. Nge2 Nd7 10. 0-0 Qd6 11. Rc1 Nf6 12. cxd5 Bxc3 13. Rxc3 cxd5 14. Qb3 Bg4 15. Re1 Qd7 16. Bf1 Bh3 17. Bxh3 Qxh3 18. Nf4 Qf5 19. Rc5 Rad8 20. Qxb7 g5 21. Ng2 Rb8 22. Qc7 Rxb2 23. Rf1 Re8 24. a4 Qh3 25. g4 Nxg4 26. Qg3 Qxg3 27. hxg3 Rd8 28. Rc7 Rd6 29. Rxa7 Rf6 30. Rd7 Nxf2 31. Nf4 gxf4 32. Rxf2 Rb1+ 33. Rf1 Rxf1+ 34. Kxf1 fxg3+ 35. Kg2 Rf3 36. Rxd5 Rxe3 37. Rg5+ Kf8 38. Rxg3 Re2+ 39. Kf1 Ra2 40. Rg4 e3 41. Re4 Rxa4 42. Ke2 Ra3 43. d5 Ra5 44. Rd4 Ke7 45. Kxe3 Kd6 46. Rf4 Ra7 47. Rf5 Ra4 48. Rxf7 Kxd5 1/2-1/2

[Event "Seville op 50th"]
[Site "Seville"]
[Date "2025.01.17"]
[Round "8"]
[White "Kvaloy, Aksel Bu"]
[Black "Evenshaug, Amadeus Hestvik"]
[Result "1-0"]
[WhiteElo "2487"]
[BlackElo "2225"]
[PlyCount "61"]
[EventDate "2025.01.10"]
[EventType "swiss"]
[EventRounds "9"]
[EventCountry "ESP"]
[SourceTitle "CB04_2025"]
[SourceDate "2025.01.22"]
[SourceVersion "1"]
[SourceVersionDate "2025.01.22"]
[SourceQuality "1"]

1. e4 c5 2. Nf3 d6 3. d4 cxd4 4. Nxd4 Nf6 5. Nc3 a6 6. Bd3 g6 7. f3 h5 8. Be3 Bg7 9. Qd2 Bd7 10. 0-0-0 Nc6 11. Kb1 b5 12. Nxc6 Bxc6 13. Ne2 Rc8 14. Nd4 Qc7 15. Rhe1 0-0 16. Bh6 Nh7 17. Bxg7 Kxg7 18. h4 Bd7 19. Rg1 e5 20. Ne2 Qd8 21. g4 hxg4 22. fxg4 Qxh4 23. Rh1 Qxg4 24. Qh6+ Kf6 25. Rdf1+ Ke7 26. Qxh7 Be6 27. Rhg1 Qh5 28. Qg7 Rg8 29. Qf6+ Kd7 30. Rh1 Qg4 31. Rfg1 1-0

[Event "Seville op 50th"]
[Site "Seville"]
[Date "2025.01.15"]
[Round "6"]
[White "Kvaloy, Aksel Bu"]
[Black "Song, Yuxin"]
[Result "1-0"]
[WhiteElo "2487"]
[BlackElo "2384"]
[PlyCount "155"]
[EventDate "2025.01.10"]
[EventType "swiss"]
[EventRounds "9"]
[EventCountry "ESP"]
[SourceTitle "CB04_2025"]
[SourceDate "2025.01.22"]
[SourceVersion "1"]
[SourceVersionDate "2025.01.22"]
[SourceQuality "1"]

1. d4 Nf6 2. Nf3 e6 3. Bf4 d5 4. e3 Bd6 5. Nbd2 0-0 6. c3 c5 7. Bd3 Qc7 8. Bxd6 Qxd6 9. Ne5 b6 10. Qe2 a5 11. h4 Ba6 12. Bxa6 Nxa6 13. h5 Nd7 14. h6 g6 15. Nxd7 Qxd7 16. 0-0 Nc7 17. Nf3 cxd4 18. exd4 f6 19. Rfe1 Rfe8 20. Nh2 Nb5 21. Ng4 Kf7 22. Qf3 Qe7 23. Qf4 g5 24. Qh2 Nd6 25. Re2 f5 26. Qh5+ Kg8 27. Ne5 Rac8 28. Rae1 Ne4 29. Kh2 g4 30. f3 Nf6 31. Qg5+ Kh8 32. Kh1 Rg8 33. Qh4 Qf8 34. Rf1 g3 35. Rfe1 b5 36. Kg1 b4 37. cxb4 axb4 38. Nd3 Rg6 39. Rxe6 Rxh6 40. Qxg3 Rc2 41. Nf4 Rxb2 42. R6e2 Rxe2 43. Rxe2 b3 44. axb3 Qa3 45. Qe1 Qxb3 46. Qc1 Qb6 47. Qe3 Qd6 48. Ra2 Qb8 49. Ra1 Ng8 50. Nxd5 Qh2+ 51. Kf2 Rc6 52. Qe5+ Qxe5 53. dxe5 Rc5 54. Rd1 Kg7 55. f4 Rc2+ 56. Kf3 Nh6 57. Ne3 Rc3 58. Kf2 Ra3 59. Rd7+ Kg6 60. g3 Ng4+ 61. Nxg4 fxg4 62. Rd8 Kf5 63. Rf8+ Ke4 64. e6 Ra2+ 65. Ke1 Kf3 66. f5 Re2+ 67. Kd1 Re5 68. Rd8 Kxg3 69. f6 Rxe6 70. f7 Rf6 71. f8Q Rxf8 72. Rxf8 h5 73. Ke2 h4 74. Rg8 h3 75. Kf1 Kh2 76. Kf2 Kh1 77. Kg3 h2 78. Ra8 1-0

[Event "Seville op 50th"]
[Site "Seville"]
[Date "2025.01.14"]
[Round "5"]
[White "Isanzhulov, Arystan"]
[Black "Kvaloy, Aksel Bu"]
[Result "1/2-1/2"]
[WhiteElo "2397"]
[BlackElo "2487"]
[PlyCount "66"]
[EventDate "2025.01.10"]
[EventType "swiss"]
[EventRounds "9"]
[EventCountry "ESP"]
[SourceTitle "CB04_2025"]
[SourceDate "2025.01.22"]
[SourceVersion "1"]
[SourceVersionDate "2025.01.22"]
[SourceQuality "1"]

1. e4 e5 2. Nf3 Nc6 3. Nc3 Nf6 4. d4 exd4 5. Nxd4 Bb4 6. Nxc6 bxc6 7. Bd3 d5 8. exd5 cxd5 9. 0-0 0-0 10. h3 c6 11. Qf3 Bd6 12. Bf4 Qc7 13. Bxd6 Qxd6 14. Rfe1 Bd7 15. b3 Rfe8 16. Rad1 g6 17. Rxe8+ Rxe8 18. Ne2 Kg7 19. Qf4 Re5 20. b4 Qe7 21. Kf1 Ne4 22. f3 Rf5 23. Qe3 Ng3+ 24. Kf2 Qxe3+ 25. Kxe3 Re5+ 26. Kf4 Rxe2 27. Kxg3 Re8 28. Kf4 Kf6 29. h4 h6 30. g4 g5+ 31. Kg3 Rb8 32. a3 Re8 33. Rh1 Rg8 1/2-1/2

[Event "Seville op 50th"]
[Site "Seville"]
[Date "2025.01.12"]
[Round "3"]
[White "Doraszelski, Alexander"]
[Black "Kvaloy, Aksel Bu"]
[Result "0-1"]
[WhiteElo "2171"]
[BlackElo "2487"]
[PlyCount "66"]
[EventDate "2025.01.10"]
[EventType "swiss"]
[EventRounds "9"]
[EventCountry "ESP"]
[SourceTitle "CB04_2025"]
[SourceDate "2025.01.22"]
[SourceVersion "1"]
[SourceVersionDate "2025.01.22"]
[SourceQuality "1"]

1. e4 c5 2. Nf3 d6 3. d4 cxd4 4. Nxd4 Nf6 5. Nc3 a6 6. Be2 e5 7. Nb3 Be7 8. Be3 Be6 9. Nd5 Nbd7 10. Qd3 0-0 11. a4 Bxd5 12. exd5 b6 13. c4 a5 14. g4 Nc5 15. Qc2 Nxb3 16. Qxb3 Nd7 17. h4 Nc5 18. Qc2 Qd7 19. g5 f5 20. gxf6 Bxf6 21. Bxc5 bxc5 22. Qe4 Be7 23. Bd3 g6 24. h5 Rf4 25. Qe2 Bh4 26. 0-0-0 Rxf2 27. Qe3 Qxa4 28. Rd2 Qa1+ 29. Bb1 Rxd2 30. Qxd2 Rf8 31. hxg6 Rf2 32. gxh7+ Kh8 33. Rg1 Qxb1+ 0-1

[Event "Wch Blitz"]
[Site "New York"]
[Date "2024.12.30"]
[Round "9"]
[White "Kvaloy, Aksel Bu"]
[Black "Yudasin, Leonid"]
[Result "1-0"]
[WhiteElo "2490"]
[BlackElo "2310"]
[PlyCount "115"]
[EventDate "2024.12.30"]
[EventType "swiss (blitz)"]
[EventRounds "13"]
[EventCountry "USA"]
[SourceTitle "CB01_2025"]
[SourceDate "2025.01.01"]
[SourceVersion "1"]
[SourceVersionDate "2025.01.01"]
[SourceQuality "1"]

1. e4 c5 2. Nf3 Nc6 3. Bb5 Nf6 4. Nc3 d6 5. 0-0 Bd7 6. Re1 e5 7. a4 Be7 8. d3 0-0 9. h3 h6 10. Bc4 Be6 11. Be3 Nd4 12. Nd2 d5 13. exd5 Nxd5 14. Nxd5 Bxd5 15. Bxd5 Qxd5 16. Nc4 Nc6 17. Bd2 Rfe8 18. Bc3 Bf8 19. Qe2 Re6 20. Qe4 Qxe4 21. Rxe4 Rae8 22. Rae1 f5 23. R4e2 e4 24. f3 a6 25. a5 Be7 26. g3 Bf6 27. Bxf6 gxf6 28. fxe4 Nd4 29. Rf2 fxe4 30. dxe4 Rxe4 31. Rxe4 Rxe4 32. Nd6 Re7 33. c3 Ne2+ 34. Kg2 Nc1 35. Rxf6 Nd3 36. b3 Kg7 37. Rf1 Re2+ 38. Kf3 Rc2 39. Ne4 c4 40. b4 Kg6 41. Ke3 Nb2 42. Kd4 Rh2 43. Rf6+ Kg7 44. Rb6 Rxh3 45. Rxb7+ Kf8 46. Ra7 h5 47. Rxa6 h4 48. gxh4 Rxh4 49. Re6 Kf7 50. Re5 Nd3 51. Rb5 Nc1 52. a6 Nb3+ 53. Ke3 Rh3+ 54. Kf4 Rh6 55. a7 Ra6 56. Rb7+ Ke6 57. Rb6+ Rxb6 58. a8Q 1-0

[Event "Wch Rapid"]
[Site "New York"]
[Date "2024.12.28"]
[Round "13"]
[White "Druska, Juraj"]
[Black "Kvaloy, Aksel Bu"]
[Result "1/2-1/2"]
[WhiteElo "2433"]
[BlackElo "2226"]
[PlyCount "118"]
[EventDate "2024.12.26"]
[EventType "swiss (rapid)"]
[EventRounds "13"]
[EventCountry "USA"]
[SourceTitle "CB01_2025"]
[SourceDate "2025.01.01"]
[SourceVersion "1"]
[SourceVersionDate "2025.01.01"]
[SourceQuality "1"]

1. e4 e5 2. Nf3 Nc6 3. Nc3 Nf6 4. d4 Bb4 5. Nxe5 Bxc3+ 6. bxc3 Qe7 7. f3 Nxe5 8. dxe5 Qxe5 9. Qd4 d6 10. a4 0-0 11. Kf2 a5 12. Bb5 Be6 13. Rb1 Rfd8 14. Be3 b6 15. h4 Nh5 16. Bc6 Qg3+ 17. Kf1 Rab8 18. Rb5 d5 19. exd5 Qg6 20. Bf2 Ng3+ 21. Bxg3 Qxg3 22. Qf2 Qf4 23. g3 Qxa4 24. Kg2 Bd7 25. Rxb6 Bxc6 26. Rxc6 Rxd5 27. Rxc7 Rbd8 28. Re1 h6 29. Re2 Qa1 30. c4 Rd1 31. Rce7 a4 32. Qc5 R1d2 33. Rxd2 Rxd2+ 34. Kh3 Qf6 35. Qe3 Qf5+ 36. g4 Qxc2 37. Qe4 Qxe4 38. Rxe4 a3 39. Re8+ Kh7 40. Ra8 a2 41. c5 Rc2 42. h5 g6 43. hxg6+ Kxg6 44. Ra6+ Kg7 45. c6 Rxc6 46. Rxa2 Rc3 47. Kg3 Rc4 48. Ra6 Rb4 49. Rc6 Ra4 50. Rc5 Rb4 51. Rf5 Kg6 52. Rf4 Rxf4 53. Kxf4 Kf6 54. Ke4 Kg5 55. Ke5 h5 56. gxh5 Kxh5 57. Kf6 Kh4 58. f4 Kg4 59. Kxf7 Kxf4 1/2-1/2